00482nam a2200181Ia 4500020001800000082001700018100001900035245001500054260003400069300001000103440004000113504002600153650003000179650002300209650002200232650002800254700001800282 a0-631-16440-5 a303.64 BAE-; aBaechler, Jean 0aRevolution aOxfordbBasil Blackwellc1975 a206p. aKey concepts in the social sciences aIncludes bibliography aRevolutions and socialism aPolitical violence aSocial psychology aRevolutions - Philosoph aVickers, Joan